01480nab a22003017a 4500999001500000003000400015005001700019008004100036040000700077100002700084245009200111260007300203300001400276500003800290505023900328505013400567505008200701650002300783650002400806650002400830650001700854650002700871650004400898650003500942650002800977773016001005942001301165 c5622d5622OSt20251222231842.0190429b xxu||||| |||| 00| 0 spa d cPJ 96596aGrisotti, Abril 13aEl jardín donde los senderos se bifurcan hacia el plazo razonable /cAbril Grisotti.  cCiudad Autónoma de Buenos Aires :aThomson Reuters La Ley, b2025. ap. 94-102 aCita: TR LALEY AR/DOC/2845/2025.  a Sumario: I. Introducción.— II. Hechos.— III. Argumentos del fallo.— IV. Consecuencias de la inobservancia de los plazos.— V. ¿Existe otra solución posible para acercarnos a un plazo más razonable?— VI. Conclusiones.  aFallo comentado: CGarantías en lo Penal, San Isidro, sala I ~ 24/04/2025 ~ G., N. y otros s/ incidente ofrecimiento de prueba. tSi te interesa el texto completo, solicitalo a koha@justierradelfuego.gov.ar  09343aDERECHO PENAL 092348aPROCESO PENAL 09180aDEBIDO PROCESO 091975aPRUEBA 09586aDEFENSA EN JUICIO 092083aRECURSO DE APELACIÓN (PROCESAL) 092718aSITUACIÓN DEL IMPUTADO 091956aPLAZOS PROCESALES0 0265893164tRevista de derecho penal y criminología. Nº 11 - Diciembre 2025dCiudad Autónoma de Buenos Aires : Thomson Reuters La Ley, 2017-x00347914 2udccANA